000 00607nam a22001937a 4500
005 20251108170000.0
008 250721s1987 xx 000 0 ara d
082 1 4 _aط/ق/قما
100 1 _aالقماحي، السيد
245 1 0 _aالقنافد الشطار و البطة الطيبة /
264 1 _aالقاهره :
_bالسفير للطباعة و النشر،
_c1987.
300 _a16ص
490 0 _aسلسلة أحباب الرحمن
650 1 7 _aالقصص العربية
650 1 7 _aالأدب العربي
650 1 7 _aأدب الأطفال
942 _2ddc
_cBK
999 _c36536
_d36536